Spécialités coréennes - Statistiques

Statistiques générales
  • Ce quiz a été pris 78 fois
  • Le résultat moyen est 4 sur 12
Statistiques - réponses
Par images Réponse % Correct
Kimchi
84%
Bibimbap
78%
Japchae
48%
Bulgogi
43%
Tteokbokki
42%
Gimbap
41%
Dalgona
32%
Hotteok
29%
Jajangmyeon
23%
Bungeo ppang
7%
Patbingsu
6%
Seo tteok
1%
Aucun quiz correspondant
Distribution des résultats
% des personnes avec chaque résultat
Percentile par nombre de réponses
Votre historique - résultats
Vous n’avez pas pris ce quiz